Investigatung the potential for energy production from different short rotation coppices by fixedbed; Научная инициатива иностранных студентов и аспирантов российских вузов

Dades bibliogràfiques
Parent link:Научная инициатива иностранных студентов и аспирантов российских вузов.— 2011.— [С. 281-289]
Autor principal: Polsongkram M.
Altres autors: Kuznetsov G. V. Geny Vladimirovich (научный руководитель)
Sumari:Заглавие с экрана.
Электронная версия печатной публикации
Idioma:anglès
Publicat: 2011
Matèries:
Accés en línia:http://www.lib.tpu.ru/fulltext/v/Conferences/2011/K04/114075.pdf
Format: MixedMaterials Electrònic Capítol de llibre
KOHA link:https://koha.lib.tpu.ru/cgi-bin/koha/opac-detail.pl?biblionumber=213998

MARC

LEADER 00000naa2a2200000 4500
001 213998
005 20260114140104.0
035 |a (RuTPU)RU\TPU\book\233846 
035 |a RU\TPU\book\231887 
090 |a 213998 
100 |a 20120419d2011 k y0rusy50 ca 
101 0 |a eng 
102 |a RU 
135 |a drnn ---uucaa 
181 0 |a i  
182 0 |a b 
200 1 |a Investigatung the potential for energy production from different short rotation coppices by fixedbed  |f M. Polsongkram  |g sci. adv. G. V. Kuznetsov 
203 |a Текст  |c электронный 
215 |a 1 файл (528 Кб) 
300 |a Заглавие с экрана. 
300 |a Электронная версия печатной публикации 
337 |a Adobe Reader 
463 1 |0 (RuTPU)RU\TPU\book\227679  |t Научная инициатива иностранных студентов и аспирантов российских вузов  |o сборник докладов IV Всероссийской научно-практической конференции, Томск, 19-21 мая 2011 г.  |f Ассоциация иностранных студентов в России (АИС) ; Национальный исследовательский Томский политехнический университет (ТПУ), Институт международного образования и языковой коммуникации (ИМОЯК)  |v [С. 281-289]  |d 2011 
610 1 |a энергия 
610 1 |a производство 
610 1 |a исследование 
610 1 |a потенциалы 
610 1 |a пиролиз 
610 1 |a реакторы 
610 1 |a электронный ресурс 
610 1 |a труды учёных ТПУ 
700 1 |a Polsongkram  |b M. 
702 1 |a Kuznetsov  |b G. V.  |c Specialist in the field of heat power energy  |c Professor of Tomsk Polytechnic University, Doctor of Physical and Mathematical Sciences  |f 1949-  |g Geny Vladimirovich  |4 727 
801 1 |a RU  |b 63413507  |c 20120301 
801 2 |a RU  |b 63413507  |c 20160221  |g RCR 
856 4 |u http://www.lib.tpu.ru/fulltext/v/Conferences/2011/K04/114075.pdf 
942 |c CF